Religion Quiz

Random Religion or Book Quiz

Shortest Bible Books Quiz Stats

Quiz Updated Mar 8, 2012

Also try: Bible or Quran?
Challenge
Share
Tweet
Embed
Score 0/10 Timer 02:00
0 Plays Today
# of Words Book % Correct
613Jude
76.1%
3032 John
72.9%
2993 John
72.4%
445Philemon
58.9%
921Titus
54.3%
1321Jonah
44.6%
670Obadiah
43.5%
1285Nahum
35.7%
1131Haggai
34.5%
10422 Thessalonians
14.3%

You're not logged in!

Compare scores with friends on all Sporcle quizzes.
Sign Up with Email
OR
Log In

You Might Also Like...

Show Comments

Extras

Top Quizzes Today


Score Distribution

Your Account Isn't Verified!

In order to create a playlist on Sporcle, you need to verify the email address you used during registration. Go to your Sporcle Settings to finish the process.